00314nam a2200121Ia 4500008004100000100002300041245004700064260003400111300000900145650001400154942000700168999001700175190216s9999||||xx |||||||||||||| ||und|| aSreekumaran Unni K 0aIndian Deshiyathyudae Samoohya Pachathalam bKerala Bhasha Institutec1973 a542p aEconomics cBK c39864d39864